00470nam a2200181Ia 4500001000900000003000500009005001700014008004100031010001100072040000900083082001600092100001800108245007200126260002800198300001100226600002900237650002200266dia_1381CHAP20230131110727.0220117s1969 xx 000 0 und d a171927 cCHAP a581.192 D3Y aDavies, D. D. aBioquímica Vegetal, por D. D. D. J. Geovanelli, B. y T. AP. Rees. aBarcelona, Omega.c1969 a504 p. aI. Geovanelli, J. II. t. aQuímica Vegetal